[Event "ch-CHN w"]
[Site "Beijing CHN"]
[Date "2008.05.29"]
[Round "1"]
[White "Xu Tong"]
[Black "Zhao Xue"]
[Result "0-1"]
[WhiteElo "2188"]
[BlackElo "2523"]

1.e4 c5 2.Nf3 d6 3.d4 cxd4 4.Nxd4 Nf6 5.Nc3 a6 6.g3 e5 7.Nb3 Be7 8.Bg2 O-O
9.a4 Bg4 10.Qd3 Nc6 11.Be3 Rc8 12.O-O Be6 13.Bg5 Nd4 14.Qd1 Nxb3 15.cxb3 Qa5
16.Bxf6 Bxf6 17.Qxd6 Bxb3 18.Nd5 Bxd5 19.Qxd5 Qb4 20.Ra3 Rc4 21.Rc3 Rd4 22.Qb3 Qxa4
23.Qxb7 Rb4 24.Qc6 Qxc6 25.Rxc6 a5 26.Ra1 Bd8 27.Ra2 g6 28.Rc2 Bb6 29.Re2 Rc8
30.Bf3 h5 31.h4 Kg7 32.Kg2 Ra8 33.Rd2 Bd4 34.Bd1 a4 35.Kf1 Kf6 36.Kg2 Ke6
37.Kf1 Ra7 38.Kg2 Ke7 39.Kf1 Bc5 40.Bc2 Ra6 41.Kg2 Ra7 42.Kf1 Bd4 43.Bd1 Kd6
44.Rd3 Kc5 45.Rda3 Rab7 46.Rxa4 Rxb2 47.Ra5+ Kc4 48.Be2+ Kc3 49.R5a3+ R2b3
50.Kg2 Rb6 51.Rxb3+ Rxb3 52.Kf1 Bc5 53.Kg2 Rb4 54.Bf3 Rb6 55.Be2 Rf6 56.f3 Rb6
57.Bf1 Rb1 58.Re2 Ra1 59.f4 Bd4 60.fxe5 Bxe5 61.Re3+ Kd4 62.Rf3 Ra7 63.Bd3 Ra2+
64.Kh3 Rb2 65.Bf1 Rc2 66.Rxf7 Rc3 67.Kg2 Rxg3+ 68.Kf2 Rb3 69.Rd7+ Kxe4 70.Rd8 Bf6
71.Rg8 Bxh4+ 72.Kg2 Kf5 73.Bc4 Rg3+ 74.Kh2 Kf6 75.Rf8+ Kg5 76.Rg8 Rf3 77.Bd5 Rf4
78.Bc6 Kh6 79.Be8 Kh7 80.Rxg6 Re4 81.Bf7 Re7 82.Re6 Rxf7 83.Kh3 Bg5 84.Ra6 Rf3+
85.Kg2 Rc3 86.Rb6 h4 87.Rb1 h3+ 88.Kh1 Kg6 89.Rg1 Kf5 90.Rb1 Rc2 91.Re1 Bf4
92.Rf1 Kg4 93.Re1 Kg3 94.Rg1+ Rg2 95.Re1 Rh2+ 96.Kg1 Rc2 97.Kh1 Bd6 98.Re3+ Kg4
99.Re1 Bg3 100.Rf1 Bf2 101.Rd1 Be3 102.Rd4+ Kf3 103.Rd3 Re2  0-1

[Event "ch-CHN w"]
[Site "Beijing CHN"]
[Date "2008.06.03"]
[Round "6"]
[White "Xu Tong"]
[Black "Hou Yifan"]
[Result "0-1"]
[WhiteElo "2188"]
[BlackElo "2549"]

1.e4 c5 2.Nf3 d6 3.d4 cxd4 4.Nxd4 Nf6 5.Nc3 a6 6.g3 e5 7.Nb3 Nbd7 8.a4 b6
9.Bg2 Bb7 10.O-O Be7 11.Re1 O-O 12.Nd2 Nc5 13.Nf1 b5 14.Bg5 b4 15.Bxf6 bxc3
16.Bxe7 Qxe7 17.b4 Ne6 18.Ne3 Nd4 19.Qd3 Qc7 20.Ra3 Rac8 21.Rb1 g6 22.b5 Qc5
23.bxa6 Bxa6 24.Qxa6 Qxa3 25.Nd5 Ra8 26.Qd3 Qxa4 27.Nxc3 Qxc2 28.Qxc2 Nxc2
29.Bf1 Rfb8 30.Rc1 Nd4 31.Nd5 Ra7 32.g4 Kg7 33.Rc3 Rb1 34.Kg2 Raa1  0-1

[Event "ch-CHN w"]
[Site "Beijing CHN"]
[Date "2008.06.05"]
[Round "8"]
[White "Xu Tong"]
[Black "Ju Wenjun"]
[Result "0-1"]
[WhiteElo "2188"]
[BlackElo "2374"]

1.e4 c5 2.Nf3 d6 3.d4 cxd4 4.Nxd4 Nf6 5.Nc3 a6 6.g3 e5 7.Nb3 Be7 8.Bg2 O-O
9.a4 Bg4 10.Qd3 Nc6 11.Be3 Rc8 12.O-O Be6 13.Rfd1 Ng4 14.Qe2 Nxe3 15.fxe3 Nb4
16.a5 Bg5 17.Rdc1 Qc7 18.h4 Bh6 19.Kh2 Qc4 20.Qd2 Nxc2 21.Rxc2 Qxb3 22.Ra3 Qc4
23.Qxd6 Bxe3 24.Qxe5 Qd3 25.Nd5 Qxc2 26.Rxe3 Kh8 27.b4 Qd2 28.Qf4 Rfe8 29.Rf3 Qxf4
30.Rxf4 Rc2 31.Ne3 Re2 32.Nd5 Rc8 33.Rf1 Bxd5 34.exd5 Rcc2 35.Rg1 f5 36.d6 Kg8
37.Kh1 Red2 38.Re1 Rxg2 39.d7 Rgd2  0-1

[Event "8th TCh-Euro U18"]
[Site "Szeged HUN"]
[Date "2008.06.17"]
[Round "4"]
[White "Valmana Canto,J"]
[Black "Ivekovic,Z"]
[Result "1/2-1/2"]
[WhiteElo "2389"]
[BlackElo "2139"]

1.e4 c5 2.Nf3 d6 3.d4 cxd4 4.Nxd4 Nf6 5.Nc3 a6 6.g3 g6 7.Bg2 Bg7 8.O-O O-O
9.h3 Qc7 10.Bg5 Nc6 11.Bxf6 exf6 12.Nd5 Qd8 13.c3 Be6 14.Ne3 Qd7 15.Kh2 Rae8
16.Nxc6 bxc6 17.Qd3 a5 18.Rfd1 Rb8 19.b3 Rfd8 20.Rd2 Qa7 21.f4 Bc8 22.Rad1 Ba6
23.Qd4 Qc7 24.Qa4 Bf8 25.c4 h5 26.h4 Be7 27.Rd3 Bc8 28.R1d2 Kf8 29.c5 dxc5
30.Nc4 Be6 31.Qxa5 Qxa5 32.Nxa5 Rxd3 33.Rxd3 Ra8 34.Nxc6 Rxa2 35.Nxe7 Kxe7
36.f5 gxf5 37.exf5 Bxf5 38.Re3+ Be6 39.Kg1 Kd6 40.Rd3+ Ke5 41.Bf3 Rb2 42.Bxh5 Rxb3
43.Rxb3 Bxb3 44.Kf2 Be6 45.Ke3 f5  1/2-1/2

[Event "Serbia Cup"]
[Site "Zlatibor SRB"]
[Date "2008.06.19"]
[Round "4"]
[White "Savicevic,V"]
[Black "Nikolic,Milo"]
[Result "1/2-1/2"]
[WhiteElo "2334"]
[BlackElo "2297"]

1.e4 c5 2.Nf3 d6 3.d4 cxd4 4.Nxd4 Nf6 5.Nc3 a6 6.g3 e5 7.Nde2 Be7 8.Bg2 O-O
9.a4 Nbd7 10.h3 b6 11.g4 h6 12.O-O Bb7 13.Ng3 Nc5 14.f4 exf4 15.Bxf4 Re8
16.Qd2 Bf8 17.Rae1 Ne6 18.Be3 Nd7  1/2-1/2

[Event "IV Open"]
[Site "Sort ESP"]
[Date "2008.06.24"]
[Round "1"]
[White "Baklan,V"]
[Black "Nitin,S"]
[Result "1/2-1/2"]
[WhiteElo "2647"]
[BlackElo "2296"]

1.e4 c5 2.Nf3 d6 3.d4 cxd4 4.Nxd4 Nf6 5.Nc3 a6 6.g3 e5 7.Nb3 Be7 8.a4 O-O
9.Bg2 Bg4 10.Qd2 Nbd7 11.O-O Nb6 12.f4 Be6 13.f5 Bc4 14.Rd1 Nbd7 15.Bf3 b5
16.Qg2 b4 17.Nb1 a5 18.N1d2 Ba6 19.Nf1 Bb7 20.g4 h6 21.g5 hxg5 22.Bxg5 Ra6
23.Bh6 Ne8 24.Be2 Ndf6 25.Bf3 Nh7 26.Be3 Rc6 27.Rd2 Qc7 28.Re1 Rc4 29.Qf2 Ng5
30.Bxg5 Bxg5 31.Ne3 Bxe3 32.Qxe3 Nf6 33.Rg2 Rxc2 34.Rxg7+ Kxg7 35.Qg5+ Kh7
36.Qh4+ Kg7 37.Qg5+ Kh7 38.Qh4+ Kg7 39.Qg5+  1/2-1/2

[Event "Svein Johannessen Mem"]
[Site "Oslo NOR"]
[Date "2008.06.29"]
[Round "5"]
[White "Getz,N"]
[Black "Matthiesen,M"]
[Result "1-0"]
[WhiteElo "2058"]
[BlackElo "2365"]

1.e4 c5 2.Nf3 d6 3.d4 cxd4 4.Nxd4 Nf6 5.Nc3 a6 6.g3 e5 7.Nb3 Nbd7 8.Bg2 Be7
9.O-O O-O 10.a4 b6 11.Nd2 Bb7 12.Re1 Qc7 13.Nf1 Rac8 14.Bg5 h6 15.Bxf6 Nxf6
16.Ne3 g6 17.Qd3 Qc5 18.Ra3 Rfd8 19.Rd1 h5 20.h4 Bf8 21.Ned5 Nxd5 22.exd5 Qc4
23.Qe3 Rc5 24.Rb3 b5 25.axb5 axb5 26.Qg5 Rcc8 27.Bf1 Qc7 28.Bxb5 Kh7 29.Bd3 f5
30.Bxf5 gxf5 31.Qxh5+ Kg8 32.Qxf5 Ba8 33.Ne4 Bg7 34.Ng5 Bh6 35.Rc3  1-0

[Event "Svein Johannessen Mem"]
[Site "Oslo NOR"]
[Date "2008.06.30"]
[Round "7"]
[White "Getz,N"]
[Black "Moen,A"]
[Result "1-0"]
[WhiteElo "2058"]
[BlackElo "2295"]

1.e4 c5 2.Nf3 d6 3.d4 cxd4 4.Nxd4 Nf6 5.Nc3 a6 6.g3 e5 7.Nb3 b5 8.Bg2 Bb7
9.O-O Be7 10.Bd2 O-O 11.a3 Nbd7 12.Nd5 Nxd5 13.exd5 Rc8 14.Ba5 Qe8 15.Bb4 f5
16.f4 e4 17.Nd4 Nb6 18.g4 Nxd5 19.Nxf5 Rxf5 20.Bxe4 Ne3 21.Qd3 Bxe4 22.Qxe4 Qg6
23.Qxe3 Qxg4+ 24.Kh1 Rxc2 25.Bd2 h6 26.Rg1 Qh4 27.Rg2 Rf7 28.Rag1 Bf6 29.Rg4 Qh5
30.Qe8+  1-0

[Event "ChInt Open"]
[Site "Paris FRA"]
[Date "2008.07.02"]
[Round "5"]
[White "Leconte,M"]
[Black "Pham Minh Hoang"]
[Result "0-1"]
[WhiteElo "2336"]
[BlackElo "2479"]

1.e4 c5 2.Nc3 a6 3.Nf3 d6 4.d4 cxd4 5.Nxd4 Nf6 6.g3 e5 7.Nb3 Nbd7 8.a4 Be7
9.a5 O-O 10.Bg2 b5 11.axb6 Nxb6 12.Na5 Qc7 13.O-O Bg4 14.Qd3 Rfc8 15.Re1 Be6
16.Nd5 Bxd5 17.exd5 Qxc2 18.Qxc2 Rxc2 19.Nc6 Bf8 20.Nb4 Rc4 21.Nxa6 Nbxd5
22.b4 e4 23.b5 Ra7 24.Bb2 Rb7 25.Bf1 Rc2 26.Bd4 Rd2 27.Red1 Rxd1 28.Rxd1 Nd7
29.Re1 N5f6 30.Rc1 Nb6 31.Rc7 Rxc7 32.Nxc7 Nfd7 33.Bh3 Nc5 34.Bxc5 dxc5 35.Bf5 Bd6
36.Na6 e3 37.fxe3 g6 38.Bc2 Kg7 39.Kf2 Kf6 40.Kf3 Ke5 41.Bb3 c4 42.Bc2 f5
43.h3 h5 44.g4 fxg4+ 45.hxg4 Kf6 46.gxh5 gxh5 47.Ke4 h4 48.Kd4 h3 49.Be4 h2
50.Kc3 Be5+ 51.Kc2 Bd6 52.Kc3 Ke6 53.Nb4 Be5+ 54.Kc2 Kd6 55.Bg2 Kc5 56.Nd3+ cxd3+
57.Kxd3 Kxb5 58.Ke4 Bc7 59.Kd4 Nd7 60.e4 Bf4 61.Kd5 Ne5 62.Bh1 Kb4  0-1

[Event "XXVIII Open"]
[Site "Benasque ESP"]
[Date "2008.07.03"]
[Round "1"]
[White "Baklan,V"]
[Black "Pes Mateo,A"]
[Result "1-0"]
[WhiteElo "2631"]
[BlackElo "2016"]

1.e4 c5 2.Nf3 d6 3.d4 cxd4 4.Nxd4 Nf6 5.Nc3 a6 6.g3 Nbd7 7.Bg2 g6 8.O-O Bg7
9.a4 Qc7 10.h3 O-O 11.Kh1 e5 12.Nde2 b6 13.g4 Bb7 14.Ng3 Nc5 15.f4 exf4 16.Bxf4 Ne8
17.Ra3 Bc6 18.b4 Nd7 19.Rf2 Ne5 20.Rb3 Bb7 21.g5 Qc4 22.Nd5 Bxd5 23.Qxd5 Qxd5
24.exd5 f6 25.gxf6 Bxf6 26.Ne4 Rc8 27.Bg3 Bg7 28.Re2 Nc4 29.Ng5 Be5 30.Ne6 Rf7
31.Bxe5 Nxe5 32.Nd4 Ng7 33.Nc6 Nf5 34.Re4 Kg7 35.b5 a5 36.Kh2 g5 37.Rb1 Nd7
38.Rf1 Nc5 39.Rg4 h6 40.Re1 Nh4 41.Kg1 Rcf8 42.Nd4 Kg6 43.Ne6 Rc8 44.Rc4 Nxg2
45.Kxg2 Rf5 46.Nxc5 dxc5 47.Re6+ Rf6 48.Rxf6+ Kxf6 49.Re4 Rb8 50.Re6+ Kf5
51.c4 h5 52.Kg3 Rb7 53.Kf3 Rb8 54.Kg3 Rb7 55.h4 gxh4+ 56.Kxh4 Rg7 57.Kxh5 Rg1
58.Kh6 Rg4 59.Rxb6 Rxc4 60.Kg7 Ke5 61.d6 Ke6 62.Rc6 Kd7 63.Kf6 Rxa4 64.Ke5 Ra1
65.Rc7+ Kd8 66.b6 Rb1 67.b7  1-0

[Event "Atlantis Meestertienkamp"]
[Site "Groningen NED"]
[Date "2008.07.03"]
[Round "8"]
[White "Wemmers,X"]
[Black "Kodentsov,G"]
[Result "1/2-1/2"]
[WhiteElo "2387"]
[BlackElo "2275"]

1.e4 c5 2.Nf3 d6 3.d4 cxd4 4.Nxd4 Nf6 5.Nc3 a6 6.g3 e5 7.Nb3 Nbd7 8.Bg2 b5
9.O-O Bb7 10.Re1 Rc8 11.Bg5 Be7 12.a3 O-O  1/2-1/2

[Event "7th Open"]
[Site "La Fere FRA"]
[Date "2008.07.07"]
[Round "4"]
[White "Jouneau,Q"]
[Black "Eeckhout,J"]
[Result "0-1"]
[WhiteElo "1978"]
[BlackElo "1771"]

1.e4 c5 2.Nf3 d6 3.d4 cxd4 4.Nxd4 Nf6 5.Nc3 a6 6.g3 g6 7.Bg2 Bg7 8.a4 Nc6
9.Nxc6 bxc6 10.e5 Nd7 11.Bxc6 Rb8 12.exd6 e6 13.O-O O-O 14.Qe2 Rb6 15.Bg2 Rxd6
16.Ne4 Rb6 17.c3 a5 18.Qc2 f5 19.Bg5 Qc7 20.Nd2 Ba6 21.Rfe1 Ne5 22.Bf4 g5
23.Bxg5 Nd3 24.Reb1 Rfb8 25.Ra2 Bd4 26.Nf3 Bxf2+ 27.Kh1 Bxg3 28.hxg3 Qxg3
29.Be3 R6b7 30.b4 Bc4 31.b5 Rg7 32.Bg1 Rg6 33.Bh2 Rh6 34.Kg1 Rxh2 35.Nxh2 Qe3+
36.Kh1 Bxa2 37.Ra1 Bc4 38.Bf3 Kh8 39.Qe2 Qc5 40.Qd2 Rg8 41.Qh6 Qg1+  0-1

[Event "Ch-AY Boys U18"]
[Site "Tehran IRI"]
[Date "2008.07.16"]
[Round "1"]
[White "Marwan,A"]
[Black "Darini,P"]
[Result "0-1"]
[WhiteElo "2078"]
[BlackElo "2262"]

1.e4 c5 2.Nf3 d6 3.d4 cxd4 4.Nxd4 Nf6 5.Nc3 a6 6.g3 e5 7.Nde2 Be6 8.Bg2 Nbd7
9.a4 Be7 10.O-O Rc8 11.Nd5 Nxd5 12.exd5 Bf5 13.Nc3 O-O 14.f4 exf4 15.Rxf4 Bg6
16.h4 Qb6+ 17.Kh1 h5 18.a5 Qc5 19.Ra3 Ne5 20.b4 Qc7 21.Bh3 f5 22.Qe2 Bf6
23.Bxf5 Bxf5 24.Rxf5 Qd7 25.Qf1 Bxh4 26.Rxf8+ Rxf8 27.Qg2 Bxg3 28.Ne4 Bf4
29.Bxf4 Rxf4 30.Ng5 Qf5 31.Nh3 Rf1+ 32.Ng1 Rf2 33.Qh3 Qe4+ 34.Nf3 Nxf3  0-1

[Event "19th Czech Chladek & Tintera A Open"]
[Site "Pardubice CZE"]
[Date "2008.07.19"]
[Round "2"]
[White "Laubsch,B"]
[Black "Cvek,R"]
[Result "0-1"]
[WhiteElo "2285"]
[BlackElo "2532"]

1.e4 c5 2.Nf3 d6 3.d4 cxd4 4.Nxd4 Nf6 5.Nc3 a6 6.g3 e5 7.Nde2 Be7 8.a4 b6
9.Bg2 Bb7 10.h3 h5 11.Bg5 Nbd7 12.O-O Rc8 13.Qd3 Qc7 14.Rad1 Qc4 15.b3 Qxd3
16.cxd3 Nd5 17.Nxd5 Bxg5 18.Nec3 h4 19.f4 Bf6 20.gxh4 Rxh4 21.Nxf6+ Nxf6
22.Ne2 Rc2 23.fxe5 dxe5 24.Ng3 Bc8 25.Rc1 Rxg2+ 26.Kxg2 Bxh3+ 27.Kg1 Bxf1
28.Kxf1 Nh5 29.Ne2 Kd7 30.a5 b5 31.Rc5 f6 32.Rd5+ Kc6 33.b4 Rh1+ 34.Kf2 Rb1
35.Rc5+ Kb7 36.d4 Rxb4 37.d5 Rc4 38.Rxc4 bxc4 39.Ke3 Kc7 40.Nc3 Nf4 41.Na4 Kd6
42.Kd2  0-1

[Event "Politiken Cup"]
[Site "Helsingor DEN"]
[Date "2008.07.20"]
[Round "2"]
[White "Landa,K"]
[Black "Andersen,Mad"]
[Result "1-0"]
[WhiteElo "2615"]
[BlackElo "2092"]

1.e4 c5 2.Nf3 d6 3.d4 cxd4 4.Nxd4 Nf6 5.Nc3 a6 6.g3 e6 7.Bg2 Be7 8.O-O O-O
9.b3 Qc7 10.Bb2 Nc6 11.Nce2 Bd7 12.c4 Rad8 13.Rc1 Rfe8 14.h3 Nxd4 15.Qxd4 Bc6
16.Rfd1 Bf8 17.Nc3 b6 18.Nd5 Bxd5 19.cxd5 Qb8 20.Qa4 Qa7 21.Bxf6 gxf6 22.Rc6 Ra8
23.Qd4 e5 24.Qxb6 Qxb6 25.Rxb6 Reb8 26.Rc6 a5 27.Bf1 a4 28.Bc4 axb3 29.Bxb3 Rb4
30.Re1 Be7 31.Kg2 Kf8 32.Kf3 Ke8 33.Rec1 Ra7 34.R1c4 Rxc4 35.Bxc4 Ra5 36.Kg4 Kd7
37.h4 Rc5 38.Kf5 Rxc6 39.dxc6+ Kxc6 40.Bxf7 Kd7 41.Bg8  1-0

[Event "Ch-AY Boys U18"]
[Site "Tehran IRI"]
[Date "2008.07.20"]
[Round "6"]
[White "Saravana,Kr"]
[Black "Debashis,D"]
[Result "1-0"]
[WhiteElo "2256"]
[BlackElo "2294"]

1.e4 c5 2.Nf3 d6 3.d4 cxd4 4.Nxd4 Nf6 5.Nc3 a6 6.g3 e5 7.Nde2 Nbd7 8.Bg2 Be7
9.a4 b6 10.h3 Bb7 11.g4 Nc5 12.Ng3 O-O 13.h4 b5 14.g5 Ne8 15.axb5 axb5 16.Rxa8 Qxa8
17.h5 f5 18.gxf6 Nxf6 19.Nf5 Qd8 20.h6 g6 21.Nxe7+ Qxe7 22.Bg5 b4 23.Nd5 Bxd5
24.exd5 Qb7 25.Be3 Na4 26.Rh4 Rb8 27.Qf3 Qf7 28.Bg5 Nh5 29.Qb3 Nc5 30.Rxb4 Rf8
31.Qe3 Qf5 32.Rc4 e4 33.b4 Nd7 34.Rxe4 Ne5 35.f4 Nf7 36.Bh3 Qxd5 37.Be6 Qb7
38.Qd4 d5 39.Qxd5 Qa7 40.Bxf7+ Qxf7 41.Qxf7+  1-0

[Event "Dutch Open"]
[Site "Dieren NED"]
[Date "2008.07.24"]
[Round "3"]
[White "De Groote,E"]
[Black "Van den Dikkenberg,E"]
[Result "1-0"]
[WhiteElo "2251"]
[BlackElo "2131"]

1.e4 c5 2.Nf3 d6 3.d4 cxd4 4.Nxd4 Nf6 5.Nc3 a6 6.g3 e5 7.Nf3 Be7 8.Bg2 O-O
9.O-O Nbd7 10.Nh4 Re8 11.Nf5 Qc7 12.g4 Nb6 13.g5 Nfd7 14.Nxe7+ Rxe7 15.a4 Re8
16.a5 Nc4 17.Nd5 Qd8 18.Qe1 b6 19.Qc3 Nxa5 20.b4 Nb7 21.Nc7 Ra7 22.Nxe8 Qxe8
23.Qc7 Ra8 24.Be3 Nf8 25.Qxb6 Qe6 26.Rxa6 Rxa6 27.Qxa6 Ng6 28.f3 h5 29.Rf2 Kh7
30.Bf1 Nd8 31.Qb6 Qe7 32.Rd2 Nf4 33.Bxf4 exf4 34.g6+ fxg6 35.Qxd6  1-0

[Event "Dutch Open"]
[Site "Dieren NED"]
[Date "2008.07.28"]
[Round "6"]
[White "Munnik,T"]
[Black "Obers,F"]
[Result "1/2-1/2"]
[WhiteElo "1965"]
[BlackElo "2112"]

1.e4 c5 2.Nf3 d6 3.d4 cxd4 4.Nxd4 Nf6 5.Nc3 a6 6.g3 Nc6 7.Bg2 Bd7 8.O-O e6
9.Nce2 Be7 10.c4 O-O 11.b3 Rb8 12.a4 Nxd4 13.Nxd4 b5 14.axb5 axb5 15.Qd3 bxc4
16.bxc4 Ng4 17.Nf3 Bf6 18.Ra7 Bc6 19.h3 Qb6 20.Ra2 Ne5 21.Nxe5 Bxe5 22.Be3 Qc7
23.Ra7 Rb7 24.Rxb7 Bxb7 25.Rd1 g6 26.Bd4  1/2-1/2

[Event "1st Open"]
[Site "Paleochora GRE"]
[Date "2008.07.28"]
[Round "9"]
[White "Souleidis,G"]
[Black "Kislik,E"]
[Result "1-0"]
[WhiteElo "2431"]
[BlackElo "2302"]

1.e4 c5 2.Nf3 d6 3.d4 cxd4 4.Nxd4 Nf6 5.Nc3 a6 6.g3 e5 7.Nb3 Be7 8.a4 b6
9.Bg2 O-O 10.O-O Bb7 11.Re1 Nbd7 12.Nd2 Rc8 13.Nf1 Rc7 14.Ne3 g6 15.Bd2 Qa8
16.Ncd5 Nxd5 17.Nxd5 Bxd5 18.exd5 Bf6 19.c3 Qb7 20.Be3 Bg7 21.Qd2 Rfc8 22.f4 Re8
23.f5 Nf6 24.Kh1 Ng4 25.Bg1 Rce7 26.Rf1 Nf6 27.Qg5 h6 28.Qe3 e4 29.c4 b5
30.axb5 axb5 31.fxg6 bxc4 32.Rxf6 Bxf6 33.Qxh6 Bg7 34.Qh7+ Kf8 35.Be3 fxg6
36.Bh6 Rf7 37.Bxg7+ Rxg7 38.Rf1+ Qf7 39.Qh8+ Ke7 40.Qh4+ g5 41.Rxf7+ Kxf7
42.Qh5+ Kf8 43.Bh3 Re5 44.Qh8+ Kf7 45.Be6+ Kg6 46.Qe8+ Kh6 47.g4  1-0

[Event "Dutch Open"]
[Site "Dieren NED"]
[Date "2008.07.29"]
[Round "7"]
[White "Van Eijk,S"]
[Black "Ootes,La"]
[Result "1/2-1/2"]
[WhiteElo "2315"]
[BlackElo "2223"]

1.e4 c5 2.Nf3 d6 3.d4 cxd4 4.Nxd4 Nf6 5.Nc3 a6 6.g3 Nc6 7.Bg2 Bd7 8.O-O e6
9.h3 Be7 10.Nde2 O-O 11.a4 Rc8 12.f4 h6 13.Be3 Qc7 14.Rc1 Na5 15.b3 b5 16.axb5 axb5
17.Qd4 Nc6 18.Qd3 Nb4 19.Qd2 Rfd8 20.Nd1 Na6 21.Nf2 Nc5 22.Nd4 e5 23.Nf5 Bc6
24.Qc3 Nfxe4 25.Nxe4 Bxe4 26.Bxe4 Nxe4 27.Qxc7 Rxc7 28.Bb6 Rdd7 29.Bxc7 Rxc7
30.Nxe7+ Rxe7 31.Kg2 Nc3 32.fxe5 dxe5 33.Kf3 b4 34.Ra1 Rd7 35.Ke3 f6 36.Ra8+ Kh7
37.Rfa1 Rd4 38.g4 Re4+ 39.Kf3 Rf4+ 40.Kg2 Rd4 41.Rb8 e4 42.h4 Kg6 43.Ra5 Rd7
44.h5+ Kf7 45.Rba8 Rd2+ 46.Kh3 Nd5 47.R5a7+ Ke6 48.Re8+ Kd6 49.Rxe4 Rxc2
50.Rxg7 Rc3+ 51.Kh2 Rxb3 52.Rg6 Rb2+ 53.Kg3 b3 54.Rxh6 Rc2 55.Rh8 Kc7 56.Rh7+ Kc6
57.Re6+ Kc5 58.Rb7 b2 59.Re8 Nb6 60.Re1 Kc6 61.Rxb6+ Kxb6 62.Rb1 Kc6 63.h6 Rc3+
64.Kh4 Rc1 65.Rxb2 Rh1+ 66.Kg3 Rxh6 67.Rd2 Rg6 68.Kf4 Kc7 69.Rd4 Rg5 70.Ra4 Kd7
71.Re4 Ra5 72.Re1 Rg5 73.Re2 Ra5 74.Kg3 Rg5 75.Kh4 Rg8 76.Re4 Rg5 77.Re1  1/2-1/2

[Event "8th United Insurance"]
[Site "Dhaka BAN"]
[Date "2008.07.30"]
[Round "1"]
[White "Ahmed,SN"]
[Black "Badri,N"]
[Result "1/2-1/2"]
[WhiteElo "2292"]
[BlackElo "2172"]

1.e4 c5 2.Nf3 d6 3.d4 cxd4 4.Nxd4 Nf6 5.Nc3 a6 6.g3 e6 7.Bg2 Be7 8.O-O O-O
9.Be3 Qc7 10.f4 Nc6 11.Kh1 Bd7 12.Nb3 Rab8 13.g4 Bc8 14.g5 Nd7 15.Qh5 g6
16.Qh6 Re8 17.Rf3 Bf8 18.Qh4 Bg7 19.f5 Nce5 20.Rh3 Nf8 21.f6 Bh8 22.Rd1 b5
23.a3 a5 24.Nd4 Bd7 25.Bc1 b4 26.Nce2 Red8 27.b3 Nc6 28.Nxc6 Bxc6 29.c4 a4
30.Nd4 Bd7 31.axb4 e5 32.Nb5 Bxb5 33.cxb5 Qc2 34.Qe1 axb3 35.Rc3 Qa2 36.Qd2 Rxb5
37.Bb2 Qa4 38.Rc4 Qa6 39.Qc3 h6 40.Ra1 Qb6 41.Rc8 Rxc8 42.Qxc8 Qb8 43.Qxb8 Rxb8
44.h4 hxg5 45.hxg5 Ne6 46.Ra6 Rxb4 47.Rxd6 Nxg5 48.Bxe5 b2 49.Bxb2 Rxb2 50.e5 Re2
51.Rd5 Ne6 52.Bf3 Rf2 53.Bg4 Bxf6 54.exf6 Rxf6 55.Kh2 Kg7 56.Kg3 Rf1 57.Bh3 Rg1+
58.Kf2 Rc1 59.Rd7 Kf6 60.Ra7 Rc2+ 61.Kg3 Rc3+ 62.Kh2 Nf4 63.Bf1 g5 64.Bb5 g4
65.Ra1 g3+ 66.Kg1 Rc2 67.Bf1 Kg5 68.Ra7 g2 69.Bxg2 Rxg2+ 70.Kh1 f6 71.Ra5+ f5
72.Rxf5+  1/2-1/2

[Event "12th HZ Open"]
[Site "Vlissingen NED"]
[Date "2008.08.07"]
[Round "7"]
[White "Genzling,A"]
[Black "Rosmuller,A"]
[Result "1-0"]
[WhiteElo "2326"]
[BlackElo "2103"]

1.e4 c5 2.Nf3 d6 3.d4 cxd4 4.Nxd4 Nf6 5.Nc3 a6 6.g3 e6 7.Bg2 Be7 8.O-O O-O
9.Be3 Bd7 10.f4 Nc6 11.Nb3 b5 12.a3 Qc7 13.Kh1 Rab8 14.g4 Bc8 15.g5 Nd7 16.Qh5 Re8
17.Rf3 b4 18.axb4 Nxb4 19.Nd4 g6 20.Qh6 Bf8 21.Qh4 Bg7 22.Raf1 d5 23.exd5 exd5
24.f5 Qc4 25.f6 Bf8 26.Rh3 h5 27.gxh6 Kh7 28.Nf3 Ne5 29.Ng5+ Kh8 30.Nxd5 Qxh4
31.Rxh4 Nxd5 32.Bxd5 Bb7 33.Bxb7 Rxb7 34.Re4 Bxh6 35.Nxf7+ Rxf7 36.Bxh6  1-0

[Event "FSIMB August"]
[Site "Budapest HUN"]
[Date "2008.08.08"]
[Round "7"]
[White "Csirik,A"]
[Black "Vegh,E"]
[Result "1/2-1/2"]
[WhiteElo "2272"]
[BlackElo "2298"]

1.e4 c5 2.Nf3 d6 3.d4 cxd4 4.Nxd4 Nf6 5.Nc3 a6 6.g3 e6 7.Bg2 Be7 8.O-O Qc7
9.h3 O-O 10.Be3 Nc6 11.Qd2  1/2-1/2

[Event "12th HZ Open"]
[Site "Vlissingen NED"]
[Date "2008.08.09"]
[Round "9"]
[White "Genzling,A"]
[Black "Pijpers,A"]
[Result "1-0"]
[WhiteElo "2326"]
[BlackElo "2150"]

1.e4 c5 2.Nf3 d6 3.d4 cxd4 4.Nxd4 Nf6 5.Nc3 a6 6.g3 e5 7.Nb3 Nbd7 8.a4 b6
9.Bg2 Bb7 10.O-O Be7 11.Re1 Rc8 12.Nd2 Rc5 13.Nf1 Qa8 14.Ne3 Nxe4 15.Nxe4 Bxe4
16.f3 Bb7 17.Nf5 g6 18.Nxd6+ Bxd6 19.Qxd6 Qb8 20.Qd3 Qc7 21.Bh6 Rxc2 22.Rac1 Rxc1
23.Rxc1 Qd8 24.Qd6 Qe7 25.Qc7 Bd5 26.Bh3 Be6 27.Bxe6 fxe6 28.Qc8+ Qd8 29.Bg5  1-0

[Event "Acropolis Open"]
[Site "Athens GRE"]
[Date "2008.08.10"]
[Round "2"]
[White "Kokolias,K"]
[Black "Galopoulos,N"]
[Result "0-1"]
[WhiteElo "2197"]
[BlackElo "2270"]

1.e4 c5 2.Nf3 d6 3.d4 cxd4 4.Nxd4 Nf6 5.Nc3 a6 6.g3 e5 7.Nf3 Be7 8.Bg2 O-O
9.Nd2 Bg4 10.f3 Be6 11.Nf1 d5 12.exd5 Nxd5 13.Nxd5 Bxd5 14.Ne3 Be6 15.O-O Nc6
16.f4 exf4 17.Rxf4 Qb6 18.Kh1 Bg5 19.Nc4 Qd8 20.Qf1 Bxf4 21.Bxf4 Bd5 22.Rd1 Bxg2+
23.Kxg2 Qf6 24.c3 Rad8 25.Nd6 Ne5 26.Nxb7 Qc6+ 27.Kh3 Qc8+  0-1

[Event "BDO Challenger"]
[Site "Haarlem NED"]
[Date "2008.08.10"]
[Round "2"]
[White "Croese,C"]
[Black "Klein,Da"]
[Result "1/2-1/2"]
[WhiteElo "2363"]
[BlackElo "2135"]

1.e4 c5 2.Nf3 d6 3.d4 cxd4 4.Nxd4 Nf6 5.Nc3 a6 6.g3 e5 7.Nde2 Nbd7 8.Bg2 b5
9.h3 Bb7 10.g4 Nb6 11.Ng3 b4 12.Nd5 Nfxd5 13.exd5 g6 14.O-O Qc7 15.a3 Rc8
16.Be4 a5 17.axb4 axb4 18.b3 Bg7 19.Be3 O-O 20.Qd2 Ra8 21.Qd3 h5 22.Qb5 Nd7
23.Rxa8 Rxa8 24.Qxb4 h4 25.Ne2 Nf6 26.Rd1 Nxe4 27.Qxe4 Ra2 28.Rd2 Qd7 29.Bg5 f6
30.Bxh4 f5 31.gxf5 gxf5 32.Qg2 Ra1+ 33.Kh2 Qf7 34.c4 Bc8 35.f4 Kh7 36.Bg3 Bh6
37.Qf2 Rb1 38.Ra2 Rxb3 39.Ra7 Bb7 40.fxe5 dxe5 41.Bxe5 f4 42.Nd4 Rb1 43.c5 Rh1+
44.Kxh1 Bxd5+ 45.Kh2 Qxa7 46.Qc2+ Kg8 47.c6 Bxc6 48.Nxc6 Qf7 49.Qg2+ Kh7
50.Qe4+ Kg8 51.Nd4 f3 52.Qxf3 Qa2+ 53.Qg2+ Qxg2+ 54.Kxg2 Kf7 55.Kf3 Bg5 56.Kg4 Bd8
57.h4 Bxh4 58.Kxh4 Ke7 59.Kg5 Kd7 60.Kf6 Kc8 61.Ke6 Kb7 62.Kd7 Kb6 63.Bd6 Kb7
64.Bc7 Ka8 65.Kc6 Ka7 66.Nb5+ Ka8 67.Bb6 Kb8 68.Nc7 Kc8 69.Ba7 Kd8 70.Bc5 Kc8
71.Na6 Kd8 72.Bd6 Kc8 73.Nc5 Kd8 74.Nd3 Kc8 75.Nc5 Kd8 76.Kb7 Ke8 77.Kc7 Kf7
78.Kd7 Kf6 79.Nd3 Kf5 80.Kc6 Ke4 81.Nc5+ Kf3 82.Kd5 Kg2 83.Ke4 Kf2 84.Bf4 Kg2
85.Nd3 Kh1 86.Kf3 Kg1 87.Nf2 Kf1 88.Bh2 Ke1 89.Ke3 Kf1 90.Kf3 Ke1 91.Be5 Kf1
92.Ne4 Kg1 93.Nf2 Kf1 94.Bh2  1/2-1/2

[Event "35th Open"]
[Site "Manresa ESP"]
[Date "2008.08.14"]
[Round "3"]
[White "Ryan,Jo"]
[Black "Corrales Jimenez,F"]
[Result "0-1"]
[WhiteElo "2331"]
[BlackElo "2504"]

1.e4 c5 2.Nf3 d6 3.d4 cxd4 4.Nxd4 Nf6 5.Nc3 a6 6.g3 Nc6 7.Bg2 Nxd4 8.Qxd4 e5
9.Qd3 Be7 10.Bg5 O-O 11.Bxf6 Bxf6 12.O-O Be6 13.Nd5 Bg5 14.h4 Bh6 15.a4 Rc8
16.c3 Kh8 17.a5 g6 18.Nb6 Rc6 19.Rfd1 Rg8 20.Qe2 Bf8 21.Kh2 Qf6 22.Bh3 Bxh3
23.Kxh3 Qe6+ 24.Kg2 f5 25.Rh1 Rc7 26.h5 f4 27.hxg6 Rxg6 28.Rh3 Rf7 29.f3 Qxh3+
30.Kxh3 Rxg3+ 31.Kh2 Rf6 32.Qg2 Rfg6 33.Qxg3 Rxg3 34.Rf1 h5 35.Nd5 h4 36.c4 Kh7
37.b4 Kh6 38.b5 Kh5 39.Rg1 Bh6 40.b6 Bg5 41.Rf1 h3 42.Rf2 Bh4 43.Nc7 Rg6
44.Re2 Rg3 45.Rf2 Bd8 46.Ne6 Be7 47.Nc7 Kh4 48.Nd5 Bd8 49.Nb4 Kg5 50.c5 dxc5
51.Nd3 c4 52.Nxe5 c3 53.Nd3 Be7 54.Ne1 Bc5 55.Ra2 Bg1+ 56.Kh1 Be3 57.Nc2 Rxf3  0-1

[Event "U16 Olympiad"]
[Site "Mersin TUR"]
[Date "2008.08.17"]
[Round "1"]
[White "Safarli,E"]
[Black "Uzun,S"]
[Result "1-0"]
[WhiteElo "2527"]
[BlackElo "1988"]

1.e4 c5 2.Nf3 d6 3.Nc3 Nf6 4.d4 cxd4 5.Nxd4 a6 6.g3 e5 7.Nde2 Be6 8.Bg2 Be7
9.O-O O-O 10.h3 Qc7 11.g4 Nc6 12.Ng3 Rfd8 13.Nf5 Rac8 14.g5 Ne8 15.Ne3 b5
16.Ncd5 Qb8 17.Nf5 Bf8 18.Be3 Bxd5 19.exd5 Ne7 20.Ng3 Qc7 21.c3 Rb8 22.Rc1 Qd7
23.h4 Ng6 24.Be4 Nf4 25.Qf3 g6 26.Bxf4 exf4 27.Ne2 Ng7 28.Nxf4 Nf5 29.Ng2 Ne7
30.Ne3 h5 31.gxh6 Bxh6 32.h5 Kg7 33.Kg2 Rg8 34.Rh1 Bxe3 35.fxe3 Kf8 36.h6 Rh8
37.h7  1-0

[Event "XIII Konik Morski Open A"]
[Site "Rewal POL"]
[Date "2008.08.21"]
[Round "2"]
[White "Mazurkiewicz,M"]
[Black "Zadlo,T"]
[Result "1-0"]
[WhiteElo "2239"]
[BlackElo "2041"]

1.e4 c5 2.Nf3 d6 3.d4 cxd4 4.Nxd4 Nf6 5.Nc3 a6 6.g3 e6 7.Bg2 Be7 8.O-O Qc7
9.a4 Nc6 10.Nde2 O-O 11.h3 b6 12.Be3 Bb7 13.f4 Rad8 14.Qe1 Na5 15.b3 d5 16.e5 Nd7
17.Qf2 Nc6 18.Rad1 Bc5 19.Nd4 Nxd4 20.Bxd4 Bxd4 21.Qxd4 Nb8 22.Qe3 Rc8 23.Ne2 a5
24.Nd4 Ba6 25.Rfe1 Qc3 26.f5 Qxe3+ 27.Rxe3 exf5 28.Bxd5 Rc5 29.c4 Bc8 30.e6  1-0